[Event "CZE-chT2A 1314"]
[Site "Czech Republic"]
[Date "2014.02.02"]
[Round "7.8"]
[White "Gschwendtner, Stanislav"]
[Black "Danko, Jiri"]
[Result "0-1"]
[WhiteElo "1999"]
[BlackElo "1960"]
[PlyCount "66"]
[EventDate "2013.11.03"]
[EventType "team-tourn"]
[EventRounds "11"]
[EventCountry "CZE"]
[SourceTitle "EXT 2015"]
[Source "ChessBase"]
[SourceDate "2014.11.20"]
[SourceVersion "1"]
[SourceVersionDate "2014.11.20"]
[SourceQuality "1"]
[WhiteTeam "Klatovy"]
[BlackTeam "Tachov"]
[WhiteTeamCountry "CZE"]
[BlackTeamCountry "CZE"]

1. Nf3 Nf6 2. g3 g6 3. c4 Bg7 4. Nc3 d6 5. Bg2 0-0 6. 0-0 e5 7. d3 h6 8. Rb1 a5 9. a3 Nc6 10. Bd2 Be6 11. b4 axb4 12. axb4 Qd7 13. b5 Ne7 14. Qc2 Bh3 15. Rfc1 Bxg2 16. Kxg2 b6 17. e4 Nh5 18. Nd5 f5 19. Ra1 fxe4 20. dxe4 Nxd5 21. cxd5 Rxa1 22. Rxa1 Nf4+ 23. Bxf4 exf4 24. Ra7 Rf7 25. Ra8+ Kh7 26. Qd3 fxg3 27. fxg3 Qe7 28. Nd4 Qf6 29. Ne6 Qb2+ 30. Kh3 Rf2 31. Nxg7 Rxh2+ 32. Kg4 Kxg7 33. Qf3 h5+ 0-1

[Event "Kesarovski Georgiev Memorial-B 12th"]
[Site "Sunny Beach"]
[Date "2013.09.08"]
[Round "9"]
[White "Dimitrov, Dejan"]
[Black "Danko, Jiri"]
[Result "1-0"]
[WhiteElo "2047"]
[BlackElo "1955"]
[PlyCount "111"]
[EventDate "2013.08.31"]
[EventType "swiss"]
[EventRounds "9"]
[EventCountry "BUL"]
[SourceTitle "CBM 156 Extra"]
[Source "ChessBase"]
[SourceDate "2013.10.22"]
[SourceVersion "1"]
[SourceVersionDate "2013.10.22"]
[SourceQuality "1"]

1. e4 e5 2. Nf3 Nc6 3. Bb5 a6 4. Bxc6 dxc6 5. 0-0 Bg4 6. h3 h5 7. d3 Qf6 8. Nbd2 Ne7 9. Nc4 Ng6 10. hxg4 hxg4 11. Bg5 Qe6 12. Nh2 b5 13. Ne3 f6 14. Qxg4 Qxg4 15. Nhxg4 fxg5 16. g3 Kf7 17. Kg2 Bc5 18. Rfd1 Bb6 19. Nf5 Rad8 20. a4 a5 21. Rdb1 b4 22. Rd1 c5 23. Nfe3 c6 24. Nc4 Bc7 25. b3 Ke6 26. Rh1 Rdg8 27. Rxh8 Rxh8 28. Rh1 Rxh1 29. Kxh1 Bd8 30. Kg2 Bc7 31. Kf3 Kd7 32. Nh2 Nf8 33. Kg4 Ne6 34. Nf3 Ke7 35. Kf5 g4 36. Kxg4 Kf6 37. Ne3 g6 38. Kh3 Kg7 39. Ng4 Kg8 40. Kg2 Kg7 41. Kf1 Nd4 42. Nxd4 cxd4 43. Kg2 Kf7 44. Kh3 Kg7 45. Nh2 Kf6 46. Kg4 c5 47. f4 Ke6 48. Nf3 exf4 49. gxf4 Kf6 50. f5 gxf5+ 51. exf5 Bd8 52. Nd2 Ke5 53. Nc4+ Kd5 54. Kh5 Be7 55. Kg6 Bd8 56. Kg7 1-0

[Event "CZE-chT2A 1213"]
[Site "Czech Republic"]
[Date "2013.02.03"]
[Round "8.6"]
[White "Danko, Jiri"]
[Black "Dvorak, Jaroslav"]
[Result "0-1"]
[WhiteElo "1988"]
[BlackElo "2040"]
[PlyCount "76"]
[EventDate "2012.10.14"]
[EventType "team-tourn"]
[EventRounds "11"]
[EventCountry "CZE"]
[SourceTitle "EXT 2015"]
[Source "ChessBase"]
[SourceDate "2014.11.20"]
[SourceVersion "1"]
[SourceVersionDate "2014.11.20"]
[SourceQuality "1"]
[WhiteTeam "Tachov"]
[BlackTeam "Litvinov Lom"]
[WhiteTeamCountry "CZE"]
[BlackTeamCountry "CZE"]

1. e4 c5 2. Nf3 d6 3. d4 cxd4 4. Nxd4 Nf6 5. Nc3 e6 6. Bg5 Be7 7. Qd2 a6 8. f3 h6 9. Be3 b5 10. Bd3 Bb7 11. 0-0-0 Nc6 12. Nxc6 Bxc6 13. g4 Nd7 14. f4 Nc5 15. Qg2 Qa5 16. Kb1 Bf6 17. Ne2 Na4 18. Bc1 Bxb2 19. Bd2 b4 20. Nc1 Bxc1 21. Rxc1 Nc3+ 22. Bxc3 bxc3 23. Ka1 Rb8 24. Rb1 0-0 25. Qf2 Qa3 26. Rb3 Rxb3 27. cxb3 Rc8 28. Qc2 Bb5 29. Rd1 Qc5 30. a4 Qa3+ 31. Kb1 Bxa4 32. bxa4 Rb8+ 33. Bb5 axb5 34. a5 Qxa5 35. Qb3 b4 36. Rxd6 Qc5 37. e5 Ra8 38. Qd1 c2+ 0-1

[Event "Marianske Lazne op"]
[Site "Marianske Lazne"]
[Date "2010.01.21"]
[Round "7"]
[White "Strzelczyk, Anna"]
[Black "Danko, Jiri"]
[Result "0-1"]
[WhiteElo "1910"]
[BlackElo "2028"]
[PlyCount "48"]
[EventDate "2010.01.16"]
[EventType "swiss"]
[EventRounds "9"]
[EventCountry "CZE"]
[SourceTitle "CBM 134 Extra"]
[Source "ChessBase"]
[SourceDate "2010.03.03"]
[SourceVersion "1"]
[SourceVersionDate "2010.03.03"]
[SourceQuality "1"]

1. e4 e5 2. Nf3 Nc6 3. Bc4 Nf6 4. Ng5 d5 5. exd5 Na5 6. Bb5+ c6 7. dxc6 bxc6 8. Be2 h6 9. Nf3 e4 10. Ne5 Qd4 11. f4 Bc5 12. Rf1 Qd8 13. c3 Nd5 14. b4 Qh4+ 15. g3 Qxh2 16. bxc5 Qxg3+ 17. Rf2 Nxf4 18. Bf1 0-0 19. Qa4 Nh3 20. Bxh3 Bxh3 21. Qxa5 f6 22. Ke2 fxe5 23. Rxf8+ Rxf8 24. Kd1 Qd3 0-1